000
00265nam a2200109Ia 4500
008
200302s9999 xx 000 0 und d
100
_a
Ajay Mukherjee
245
_a
Forest planning at landscape level
260
_b
Random Publications
260
_c
2017
300
_a
303
999
_c
6445
_d
6445